Normal view
MARC view
- Clark, Jon,
Entry Personal Name
001 - CONTROL NUMBER
- control field: 82325
003 - CONTROL NUMBER IDENTIFIER
- control field: NUST
005 - DATE AND TIME OF LATEST TRANSACTION
- control field: 20210909113929.0
008 - FIXED-LENGTH DATA ELEMENTS
- fixed length control field: 210909|| aca||aabn | a|a d
040 ## - CATALOGING SOURCE
- Original cataloging agency: NUST
- Transcribing agency: NUST
100 ## - HEADING--PERSONAL NAME
- Personal name: Clark, Jon,
- Titles and other words associated with a name: Ph. D
670 ## - SOURCE DATA FOUND
- Source citation: Work cat.: (NUST)33849: McLoughlin, Ian. 82323, Technological change at Work /, 1994.
